000 00961nam a2200205 i 4500
001 164790
003 ES-MaACL
005 20250820080826.0
008 021113s1891 sp |||| | spa d
040 _aCCPB | B
_bspa
_cCCPB | B
100 1 _aSarabia y Pardo, Jesús,
_d1865-1943
_9103740
245 1 0 _aProfilaxis de la tiña
_b: cartilla premiada por esta sociedad en el concurso público de 1890 /
_cescrita por Jesús Sarabia Pardo.
260 _aMadrid :
_b[s.n.],
_c1891 (
_fOficinas de la Sociedad)
300 _a26 p. ;
_c18 cm.
490 1 _aPublicaciones de la Sociedad Española de Higiene ;
_vquinto concurso de premios
650 7 _aTiña
_2embne
_9170408
830 0 _aPublicaciones de la Sociedad Española de Higiene ;
_vquinto concurso de premios
_9182452
852 _aES-MaACL
_jT-596-F-4
_z- Enc. hol. conservando la cub. original
_z. - Dedic. ms. al Ateneo de Madrid
_z- Enc. en un vol. facticio
999 _c164790
_d164790